|
|
|
|
| LEADER |
01707nam a2200313 a 4500 |
| 001 |
14850261 |
| 003 |
BD-DhAAL |
| 005 |
20250629124858.0 |
| 008 |
091112s2008 caua b 001 0 eng d |
| 010 |
|
|
|a 2007020493
|
| 020 |
|
|
|a 9781412950909 (pbk.)
|
| 020 |
|
|
|a 1412950902 (pbk.)
|
| 040 |
|
|
|a DLC
|c DLC
|d YDX
|d BTCTA
|d BAKER
|d YDXCP
|d BWX
|d DLC
|d BD-DhAAL
|
| 082 |
0 |
0 |
|a 302.3/5
|2 22
|
| 100 |
1 |
|
|a Scott, W. Richard.
|9 58584
|
| 245 |
1 |
0 |
|a Institutions and organizations :
|b ideas and interests /
|c W. Richard Scott.
|
| 250 |
|
|
|a Third edition.
|
| 260 |
|
|
|a Los Angeles :
|b Sage Publications,
|c c2008.
|
| 300 |
|
|
|a xii, 266 pages :
|b illustrations ;
|c 23 cm.
|
| 504 |
|
|
|a Includes bibliographical references (p. 221-258) and index.
|
| 505 |
0 |
|
|a Introduction -- Early institutionalists -- Institutional theory meets organization studies -- Crafting an analytic framework I : three pillars of institutions -- Constructing an analytic framework II : content, agency, carriers, and levels -- Institutional construction -- Institutionalization -- Institutional processes and organizations -- Institutional processes and organization fields -- An overview and a caution.
|
| 526 |
|
|
|a BBS
|x Requisitioned by Faculties of BBS
Course name and no : N/A
|
| 541 |
1 |
|
|a Karim International
|e 00019546
|
| 650 |
|
0 |
|a Organizational sociology.
|
| 650 |
|
0 |
|a Social institutions.
|
| 852 |
4 |
|
|a Ayesha Abed Library
|j General Shelf.
|
| 942 |
|
|
|2 ddc
|c BK
|
| 999 |
|
|
|c 5479
|d 5479
|
| 952 |
|
|
|0 0
|1 0
|2 ddc
|4 0
|6 302_350000000000000_SCO
|7 0
|9 5352
|a BRACUL
|b BRACUL
|c GEN
|d 2009-11-10
|e Karim International
|g 2251.00
|l 0
|o 302.35 SCO
|p 3010019546
|r 2009-11-15
|t 1
|w 2009-11-15
|y BK
|x Requisitioned by Faculties of BBS. Course name and no. "not available".
|